=LDR 00000nam 2200000 4500 =001 INLIS000000000033679 =005 20130612135623 =008 ***********************************ind** =035 ##$$0010-061300000033679 =041 ##$$a ind =082 ##$$a 813 =090 ##$$a 813, Elm,l =100 ##$$a El-Mishry,Geidurrahman =245 ##$$a Langit Mekah Berkabut Merah, Geidurrahman El-Mishry ; Editor,Labuh, Kembara =260 ##$$a 2008 $b Jakarta =300 ##$$a 342 hlm., Illus, 21 cm =650 ##$$a Fiksi Indonesia =700 ##$$a Kembara,Labuh =850 ##$$a NBPNMAT